La mujer, pilar en la edificación de la Iglesia y de la sociedad en América Latina: actas de la reunión plenaria 6-9 de marzo de 2018

সংরক্ষণ করুন:
গ্রন্থ-পঞ্জীর বিবরন
সংস্থা লেখক: Pontificia Comisión para América Latina
বিন্যাস: গ্রন্থ
ভাষা:ইংরেজি
স্প্যানিশ
পর্তুগীজ
প্রকাশিত: Ciudad del Vaticano, Vaticano Libreria Editrice Vaticana 2018
বিষয়গুলি:
ট্যাগগুলো: ট্যাগ যুক্ত করুন
কোনো ট্যাগ নেই, প্রথমজন হিসাবে ট্যাগ করুন!

MARC

LEADER 00000nam a22000007a 4500
003 CL-VaPUC
005 20210603094654.0
008 200122b ||||| |||| 00| 0 eng d
999 |c 379580  |d 379578 
020 |a 9788826601748 
040 |c Pontificia Universidad Católica de Valparaíso 
041 0 |a spa 
041 0 |a por 
082 |a 305.4 PON 2018 
110 1 |a Pontificia Comisión para América Latina  |9 611762 
245 1 3 |a La mujer, pilar en la edificación de la Iglesia y de la sociedad en América Latina:  |b  actas de la reunión plenaria 6-9 de marzo de 2018 
260 3 |a Ciudad del Vaticano, Vaticano  |b Libreria Editrice Vaticana  |c 2018 
300 |a 367 páginas 
505 0 |a 1. La mujer, pilar de la familia y del cuidado de la vida en América Latina. 2. La mujer, educadora y catequista. 3. La mujer y el trabajo en América Latina. 4. La mujer y la política en América Latina. 5. La mujer en la solidaridad con los pobres y el cuidado de la casa común. 6. Las mujeres, pilares en la edificación de la Iglesia. 
583 |c 20200122  |k Daniel Castañeda 
650 0 0 |a Mujeres  |9 257649 
650 0 0 |a Familia cristiana  |9 311439 
650 0 0 |a Sociedad  |9 307903 
942 |2 ddc  |c BK 
952 |0 0  |1 0  |2 ddc  |4 0  |6 305_400000000000000_PON_2018  |7 0  |8 A  |9 500163  |a BIBTEO  |b BIBTEO  |d 2020-01-22  |i 5615453  |l 4  |o 305.4 PON 2018  |p 5615453  |r 2025-01-17  |s 2023-03-24  |t 1  |w 2020-01-22  |y BK  |k ICR